000 00516nam a2200217Ia 4500
005 20250425161340.0
008 250425s9999 xx 000 0 und d
020 _a0135556805
041 _aeng
082 _a671
100 _aKAZANAS, H. C.
245 0 _aMANUFACTURING PROCESSES: METALS
250 _aS.E.
260 _aENGLEWOOD
260 _aEstados Unidos
_bPRENTICE HALL
_c1976
300 _a120
650 _aPROCESOS DE MANUFACTURA
700 _aHANNAH, LYMAN
942 _c01
010 _a18279
999 _c207421
_d207421